Tilastot visalle Kaukaisimmat pääkaupungit

Klikkaa tästä pelataksesi tätä visaa!

Yleistilastot

  • Tätä visaa on pelattu 246 kertaa
  • Keskiarvotulos 10 / 21

Vastaustilastot

EtäisyysLähin pääkaupunkiMaanosaPääkaupunki% Oikein
2324 kmWellingtonOseaniaCanberra
85%
2324 kmCanberraOseaniaWellington
80%
1493 kmDublinEurooppaReykjavik
74%
1152 kmSeoulAasiaTokio
72%
1463 kmAsuncionAmerikkaBrasilia
63%
1059 kmGuatemalaAmerikkaMéxico
61%
1138 kmBuenos AiresAmerikkaSantiago
57%
1163 kmTaipeiAasiaManila
54%
1076 kmLa PazAmerikkaLima
53%
1167 kmPekingAasiaUlan Bator
51%
1903 kmBandar Seri BegawanAasiaDili
41%
1163 kmManilaAasiaTaipei
39%
1396 kmHoniaraOseaniaPort Moresby
38%
1076 kmLimaAmerikkaLa Paz
37%
1073 kmSuvaOseaniaFunafuti
35%
1277 kmYarenOseaniaPalikir
35%
1343 kmMogadishuAfrikkaVictoria
33%
1253 kmYarenOseaniaHoniara
32%
1073 kmSuvaOseaniaPort Vila
31%
1684 kmManilaOseaniaNgerulmud
29%
1263 kmManilaAasiaBandar Seri Begawan
26%

Tulosjakauma

Persentiili vastausten määrän mukaan

Jokaisen tuloksen saaneiden osuus

Tuloshistoriasi

Et ole pelannut tätä visaa